Estudio sobre la capacidad de carga de limos de baja plasticidad

Сохранить в:
Библиографические подробности
Главный автор: Cordero Meléndez, Marco Vinicio
Формат:
Опубликовано: [San José , Costa Rica] 1995
Предметы:
Метки: Добавить метку
Нет меток, Требуется 1-ая метка записи!

MARC

LEADER 00000nam a2200000Ia 4500
003 010143
005 20221231144253.0
008 140114s1995 cr a m 000 ||s d
040 |c cru CEDI 
090 |a TFG 3290 
100 |a Cordero Meléndez, Marco Vinicio  |9 10679 
245 |a Estudio sobre la capacidad de carga de limos de baja plasticidad 
260 |c 1995  |a  [San José , Costa Rica] 
300 |a  [85] hojas : ilustraciones  
500 |a Proyecto de graduación (licenciatura en ingeniería civil)--Universidad de Costa Rica. Facultad de Ingeniería. Escuela de Ingeniería Civil 
650 |x MECANICA DE SUELOS  |9 10680 
942 |c TFG 
999 |c 19370  |d 19370